[Event "North Sea tt 1st Bd3 corr"]
[Site "England"]
[Date "1998.??.??"]
[Round "?"]
[White "Skulteti, Andreas"]
[Black "Rozier, Denis"]
[Result "1/2-1/2"]
[WhiteElo "2403"]
[BlackElo "2288"]
[PlyCount "69"]
[EventDate "1998.??.??"]
[EventType "team (corr)"]
[EventRounds "10"]
[EventCountry "ENG"]
[SourceTitle "Corr 2002"]
[Source "ChessBase"]
[SourceDate "2002.05.23"]
[SourceVersion "1"]
[SourceVersionDate "2002.05.23"]
[SourceQuality "1"]

1. e4 c5 2. Nf3 Nc6 3. d4 cxd4 4. Nxd4 Nf6 5. Nc3 d6 6. Bg5 e6 7. Qd2 Be7 8. 0-0-0 0-0 9. f4 h6 10. Bh4 e5 11. Nf5 Bxf5 12. exf5 exf4 13. Kb1 d5 14. Bxf6 Bxf6 15. Nxd5 Be5 16. Bc4 Qd6 17. g3 fxg3 18. hxg3 Ne7 19. g4 Nxd5 20. Bxd5 Qb6 21. c3 Bf6 22. Rhe1 Rac8 23. Qe3 Qxe3 24. Rxe3 Rc7 25. c4 Rb8 26. b4 b6 27. Kc2 Kf8 28. a4 Be7 29. Rb1 Rd8 30. Kb3 Bg5 31. Re2 Re7 32. Rxe7 Bxe7 33. Rd1 Rd7 34. a5 bxa5 35. bxa5 1/2-1/2